|
|
|
|
| LEADER |
00000nam0a2200000 4500 |
| 001 |
305170 |
| 005 |
20231102001756.0 |
| 020 |
|
|
|a RU
|b 83-24882
|
| 035 |
|
|
|a (RuTPU)RU\TPU\book\330436
|
| 090 |
|
|
|a 305170
|
| 100 |
|
|
|a 20150924d1983 km y0rusy5003 ca
|
| 101 |
0 |
|
|a rus
|
| 102 |
|
|
|a AZ
|
| 105 |
|
|
|a a z 001zy
|
| 200 |
1 |
|
|a Расчет гидроциклонных установок для нефтедобывающей промышленности
|f Б. М. Гутман, В. П. Ершов, А. М. Мустафаев
|g под ред. А. М. Мустафаева
|
| 210 |
|
|
|a Баку
|c Азернешр
|d 1983
|
| 215 |
|
|
|a 108 с.
|c ил.
|
| 320 |
|
|
|a Библиогр.: с. 107
|
| 606 |
1 |
|
|a Нефтегазовое оборудование
|2 stltpush
|3 (RuTPU)RU\TPU\subj\71376
|9 85321
|
| 610 |
1 |
|
|a гидроциклонные установки
|
| 610 |
1 |
|
|a нефтеперерабатывающие производства
|
| 610 |
1 |
|
|a гидроциклоны
|
| 610 |
1 |
|
|a математическая обработка
|
| 610 |
1 |
|
|a эксперимент
|
| 610 |
1 |
|
|a промывочные растворы
|
| 610 |
1 |
|
|a очистка
|
| 610 |
1 |
|
|a промывка
|
| 610 |
1 |
|
|a песчаные пробки
|
| 610 |
1 |
|
|a пластовые воды
|
| 610 |
1 |
|
|a бурение скважин
|
| 675 |
|
|
|a 622.276.05
|v 3
|
| 700 |
|
1 |
|a Гутман
|b Б. М.
|g Борис Михайлович
|
| 701 |
|
1 |
|a Ершов
|b В. П.
|g Владимир Петрович
|
| 701 |
|
1 |
|a Мустафаев
|b А. М.
|g Алимустафа Мустафа оглы
|
| 702 |
|
1 |
|a Мустафаев
|b А. М.
|g Алимустафа Мустафа оглы
|4 340
|
| 801 |
|
0 |
|a RU
|b RuMRKP
|c 19950704
|g psbo
|
| 801 |
|
1 |
|a RU
|b 63413507
|c 20150924
|
| 801 |
|
2 |
|a RU
|b 63413507
|c 20180711
|g RCR
|
| 942 |
|
|
|c BK
|